00929nam a2200217 i 4500001000300000100002800003245022300031260007000254300002800324500006000352504001400412521005300426650001800479655003000497020001500527040000800542041000700550080001500557008004100572856009800613bg1 aLAUDAŃSKI, Ludomir M.10a15 wykładów aeromechaniki /cprzez Ludomira M. Laudańskiego ze starannością wielką ułożonych i nie bez wysiłku wygłoszonych na Politechnice Rzeszowskiej ku nauce i pożytkowi młodzieży płci obojga. aRzeszów :bOficyna Wydawnicza Politechniki Rzeszowskiej,c1999. a271 s. :bil. ;c24 cm. aNa okł. podtyt.: wstęp do specjalności lotniczych. aBibliogr. aDla studentów Wydz. Budowy Maszyn i Lotnictwa. 9aAeromechanika aPodręczniki akademickie a8371991096 cBPK0 apl a533(075.8) s pl f |000 0 pol  uhttp://koha.tu.koszalin.pl/cgi-bin/koha/opac-detail.pl?biblionumber=38812yKatalog online BPK